Rappers Sprint - Statistics

General Stats
  • This quiz has been taken 29 times
    28 since last reset
  • The average score is 10 of 236
Answer Stats
Answer % Correct
Eminem
65%
Drake
55%
Kendrick Lamar
50%
2pac
45%
Kanye West
45%
Jay Z
35%
J Cole
35%
Nas
35%
Snoop Dogg
35%
The Notorious BIG
35%
50 Cent
30%
Dr Dre
30%
Lil Wayne
30%
Ice Cube
25%
Wu Tang Clan
20%
XXXTentacion
20%
Juice wrld
15%
Lil Tecca
15%
Travis Scott
15%
21 Savage
10%
Cypress Hill
10%
Destroy Lonely
10%
JID
10%
Ken Carson
10%
Lil Baby
10%
Lil Durk
10%
Migos
10%
Young Thug
10%
Ab Soul
5%
Baby Keem
5%
BigXThaPlug
5%
Cardi B
5%
Clipse
5%
DaBaby
5%
Future
5%
GZA
5%
Ice T
5%
JPEGMAFIA
5%
Kid Cudi
5%
Lil Mabu
5%
Lil Mosey
5%
Lil Nas X
5%
Lil Peep
5%
Lil Tjay
5%
Lil Uzi Vert
5%
Lil Yachty
5%
Mac Miller
5%
Malice
5%
Megan Thee Stallion
5%
Method Man
5%
MF DOOM
5%
Mgk
5%
Mobb Deep
5%
NAV
5%
NBA Youngboy
5%
Nicki Minaj
5%
NLE Choppa
5%
NWA
5%
Offset
5%
OutKast
5%
P Diddy
5%
Playboi Carti
5%
Post Malone
5%
Pusha T
5%
Quavo
5%
RZA
5%
SchoolboyQ
5%
Soulja Boy
5%
Takeoff
5%
TI
5%
Tyler The Creator
5%
Ye
5%
YG
5%
24kGoldn
0%
2 Chainz
0%
42 Dugg
0%
A$AP Ferg
0%
A$AP Mob
0%
A$AP Rocky
0%
Akon
0%
Andre 3000
0%
Arabian Prince
0%
AZ
0%
AzChike
0%
Bad Bunny
0%
Bbno$
0%
Benny the Butcherer
0%
Ben Shapiro
0%
Bhad Bhabie
0%
Big Boi
0%
Big Sean
0%
Big Shaq
0%
Billy Woods
0%
BJ The Chicago Kid
0%
Black Star
0%
Black Thought
0%
Blueface
0%
Cam’ron
0%
Central Cee
0%
Chance the Rapper
0%
Chief Keef
0%
Childish Gambino
0%
Common
0%
Consequence
0%
Conway The Machine
0%
Count Bass D
0%
CyHi
0%
CZARFACE
0%
Daddy Yankee
0%
Danny Brown
0%
Dave
0%
Dave Blunts
0%
Dax
0%
Del the Funky Homosapien
0%
Deltron 3030
0%
Diabolic
0%
DigBar
0%
Dody6
0%
Doechii
0%
Doja Cat
0%
Domo Genesis
0%
Don Toliver
0%
Duckboy
0%
E 40
0%
Earl Sweatshirt
0%
Eazy E
0%
Evil Intentions
0%
Fabulous
0%
Fetty Wap
0%
Frank Ocean
0%
Freddie Gibbs
0%
George Clinton
0%
Germ
0%
Ghostface Killah
0%
GloRilla
0%
Grandmaster Flash
0%
Grandmaster Flash & The Furious Five
0%
Gunna
0%
Hittman
0%
Ice Spice
0%
ILOVEMAKONEN
0%
Immortal Technique
0%
Inspectah Deck
0%
Jackboys
0%
Jack Harlow
0%
Ja Rule
0%
Jay Rock
0%
J Balvin
0%
Jeezy
0%
Jim Jones
0%
Joey Badass
0%
Juicy J
0%
Key Glock
0%
King Von
0%
KYLE
0%
Larry June
0%
Lauryn Hill
0%
Left Brain
0%
Lil Darkie
0%
Lil Jon
0%
Lil Kim
0%
Lil Pump
0%
Lil Skies
0%
Lil Tracy
0%
Lil Xan
0%
Ludacris
0%
Lupe Fiasco
0%
Macklemore
0%
Mathematics
0%
Mc Eiht
0%
Mc Hammer
0%
Mc Magic
0%
Mc Ren
0%
Meek Mill
0%
Memphis Bleek
0%
Miri Ben Ari
0%
Moneybagg Yo
0%
Mos Def
0%
Nate Dogg
0%
Nelly
0%
Ne Yo
0%
Nipsey Hussle
0%
Odd Future
0%
Ol Dirty Bastard
0%
Pharrell Williams
0%
Pimp C
0%
Pink Pantheress
0%
Pitbull
0%
Polo G
0%
Pop Smoke
0%
Pras
0%
Raekwon
0%
Rakim
0%
RBX
0%
Really Doe
0%
Rich the Kid
0%
Rick Ross
0%
Roddy Rich
0%
Rod Wave
0%
Scarface
0%
Scrim
0%
Sexyy Red
0%
Shaquille O’Neal
0%
Sheck Wes
0%
Smiley
0%
SoFaygo
0%
Talib Kweli
0%
Tee Grizzly
0%
The Fugees
0%
The Game
0%
The Roots
0%
The Sugarhill Gang
0%
Tom McDonald
0%
T Pain
0%
Trippie Redd
0%
Twista
0%
Ty Dolla $ign
0%
U God
0%
$uicide Boy$
0%
Vince Staples
0%
Waka Flocka Flame
0%
Westside Gunn
0%
Will Smith
0%
Wiz Khalifa
0%
Wizkid
0%
Wyclef Jean
0%
Xzibit
0%
Ybn Nahmir
0%
Yeat
0%
Ynw Melly
0%
Yo Gotti
0%
Young Dolph
0%
Young Nudy
0%
Young Scooter
0%
Yuno Marr
0%
Yuno Miles
0%
No matching quizzes found
Score Distribution
Percent of People with Each Score
Percentile by Number Answered
Your Score History
You have not taken this quiz since the last reset